20 biggest Cambodian cities - Statistics

General Stats
  • This quiz has been taken 6 times
  • The average score is 5 of 20
Answer Stats
Population City % Correct
1,573,544 Phnom Penh
100%
119,251 Battambang
83%
139,458 Siem Reap
83%
61,750 Kampong Cham
67%
33,134 Koh Kong
50%
73,036 Sihanoukville
50%
33,231 Kampong Speu
33%
75,244 Kampong Chhnang
17%
52,476 Pursat
17%
843,931 Takeo
17%
52,066 Ta Khmau
17%
79,000 Paoy Paet
0%
44,270 Phumi Veal Sre
0%
33,079 Prey Veng
0%
23,218 Sisophon
0%
29,329 Smach Mean Chey
0%
25,000 Stung Treng
0%
30,000 Suong
0%
23,956 Svay Rieng
0%
24,380 Tbeng Meanchey
0%
No matching quizzes found
Score Distribution
Percent of People with Each Score
Percentile by Number Answered
Your Score History
You have not taken this quiz